000 00558nam a2200181Ia 4500
008 240729s9999 xx 000 0 und d
022 _a2771-0378
245 0 _aOcean-Land-Atmosphere Research
260 _aUnited States
260 _bAmerican Association for the Advancement of Science (AAAS)
650 _a Meteorology. Climatology
650 _a Oceanography | Science
650 _a Physics
650 _aGeography. Anthropology. Recreation
856 _uhttps://doaj.org/toc/d30ab1d8bfd64f3ebe101df44ba6bcf9
942 _2ddc
942 _cDOAJEJ
999 _c72339
_d72339
945 _a1
_bMadushi Gamage
_c1
_dMadushi Gamage